[Event "HUN-chT2 Asztalos 1011"]
[Site "Hungary"]
[Date "2011.05.15"]
[Round "11.9"]
[White "Nyaradi, Gabor"]
[Black "Balazs, Andras1"]
[Result "0-1"]
[WhiteElo "1899"]
[BlackElo "1912"]
[PlyCount "100"]
[EventDate "2010.09.12"]
[EventType "team-tourn"]
[EventRounds "11"]
[EventCountry "HUN"]
[SourceTitle "EXT 2012"]
[Source "ChessBase"]
[SourceDate "2011.11.24"]
[SourceVersion "1"]
[SourceVersionDate "2011.11.24"]
[SourceQuality "1"]
[WhiteTeam "Dombovar"]
[BlackTeam "Mohacs"]
[WhiteTeamCountry "HUN"]
[BlackTeamCountry "HUN"]

1. e4 c6 2. d4 d5 3. Nc3 dxe4 4. Nxe4 Bf5 5. Ng3 Bg6 6. Nf3 e6 7. Bf4 Bd6 8. Qd2 Nf6 9. Ne5 Nd5 10. Nxg6 hxg6 11. Bxd6 Qxd6 12. Ne4 Qc7 13. g3 Nd7 14. 0-0-0 N5f6 15. f3 0-0 16. Bd3 Rad8 17. h4 e5 18. g4 Nxe4 19. Bxe4 Nc5 20. Qe3 exd4 21. Rxd4 Rxd4 22. Qxd4 Qf4+ 23. Qd2 Qxd2+ 24. Kxd2 f5 25. Bd3 Nxd3 26. Kxd3 Kf7 27. Rh2 Rd8+ 28. Ke3 Rd1 29. Kf4 Rd4+ 30. Kg5 Rd5 31. Kf4 Ra5 32. a3 Kf6 33. Re2 Ra4+ 34. Kg3 Rd4 35. b3 Rd7 36. Re3 g5 37. hxg5+ Kxg5 38. Re5 g6 39. b4 Kf6 40. f4 Rd2 41. Rc5 Re2 42. gxf5 gxf5 43. Kf3 Rh2 44. a4 Rh3+ 45. Ke2 Rh7 46. Re5 Rh2+ 47. Ke3 Rxc2 48. b5 Rc4 49. bxc6 Rxc6 50. a5 Re6 0-1

[Event "HUN-chT2 Asztalos 1011"]
[Site "Hungary"]
[Date "2011.05.01"]
[Round "10.9"]
[White "Ragyelik, Andras"]
[Black "Nyaradi, Gabor"]
[Result "0-1"]
[WhiteElo "1766"]
[BlackElo "1899"]
[PlyCount "66"]
[EventDate "2010.09.12"]
[EventType "team-tourn"]
[EventRounds "11"]
[EventCountry "HUN"]
[SourceTitle "EXT 2012"]
[Source "ChessBase"]
[SourceDate "2011.11.24"]
[SourceVersion "1"]
[SourceVersionDate "2011.11.24"]
[SourceQuality "1"]
[WhiteTeam "Dunajvaros"]
[BlackTeam "Dombovar"]
[WhiteTeamCountry "HUN"]
[BlackTeamCountry "HUN"]

1. e4 c5 2. c3 e5 3. Nf3 Nc6 4. Bc4 Nf6 5. d3 Be7 6. 0-0 0-0 7. Re1 d6 8. d4 Na5 9. Bf1 Qc7 10. Na3 a6 11. b4 cxb4 12. cxb4 Nc6 13. b5 Nxd4 14. Nxd4 exd4 15. Qxd4 d5 16. exd5 Rd8 17. bxa6 bxa6 18. Bf4 Qc5 19. Qxc5 Bxc5 20. Nc4 Nxd5 21. Rad1 Bg4 22. Rxd5 Rxd5 23. Ne3 Bxe3 24. Rxe3 Rd1 25. f3 Be6 26. Kf2 Rd2+ 27. Kg3 Rxa2 28. h4 h6 29. h5 a5 30. Kh4 a4 31. g4 a3 32. g5 hxg5+ 33. Bxg5 Rh2+ 0-1

[Event "HUN-chT2 Asztalos 0809"]
[Site "Hungary"]
[Date "2009.02.08"]
[Round "7"]
[White "Szabo, Richard"]
[Black "Nyaradi, Gabor"]
[Result "1-0"]
[WhiteElo "2024"]
[BlackElo "1903"]
[PlyCount "95"]
[EventDate "2008.10.26"]
[EventType "tourn"]
[EventRounds "11"]
[EventCountry "HUN"]
[SourceTitle "EXT 2010"]
[Source "ChessBase"]
[SourceDate "2010.11.25"]
[SourceVersion "1"]
[SourceVersionDate "2010.11.25"]
[SourceQuality "1"]
[WhiteTeam "Szekszard/Decs II"]
[BlackTeam "Dombovar"]
[WhiteTeamCountry "HUN"]
[BlackTeamCountry "HUN"]

1. c4 Nf6 2. Nc3 g6 3. g3 Bg7 4. Bg2 0-0 5. Nf3 d6 6. d4 Nc6 7. 0-0 e5 8. dxe5 dxe5 9. Be3 Be6 10. Qa4 Ng4 11. Bc5 Re8 12. h3 Nh6 13. Rad1 Qc8 14. Ng5 Bd7 15. Qc2 Nd4 16. Qd2 f6 17. e3 fxg5 18. exd4 Bxh3 19. Qxg5 Bxg2 20. Kxg2 exd4 21. Bxd4 Bxd4 22. Rxd4 Nf5 23. Rd2 Qe6 24. Nd5 Qc6 25. Kg1 Kg7 26. Rfd1 Rad8 27. Nxc7 Qxc7 28. Rxd8 Rxd8 29. Qxd8 Qxc4 30. Qd5 Qe2 31. Qd2 Qe4 32. Qc3+ Kh6 33. f3 Qa4 34. Qd2+ g5 35. g4 Nh4 36. Qd6+ Ng6 37. b3 Qe8 38. Kg2 Qc8 39. Kg3 a5 40. a4 Qc3 41. Rh1+ Kg7 42. Qd7+ Kf8 43. Qd8+ Kg7 44. Qxg5 Qc7+ 45. Kh3 Qc3 46. Qf5 Qc7 47. g5 b5 48. axb5 1-0

[Event "HUN-chT2 Asztalos 0809"]
[Site "Hungary"]
[Date "2009.01.25"]
[Round "6"]
[White "Turi, Istvan"]
[Black "Nyaradi, Gabor"]
[Result "1-0"]
[WhiteElo "1904"]
[BlackElo "1903"]
[PlyCount "93"]
[EventDate "2008.10.26"]
[EventType "tourn"]
[EventRounds "11"]
[EventCountry "HUN"]
[SourceTitle "EXT 2010"]
[Source "ChessBase"]
[SourceDate "2010.11.25"]
[SourceVersion "1"]
[SourceVersionDate "2010.11.25"]
[SourceQuality "1"]
[WhiteTeam "Baja"]
[BlackTeam "Dombovar"]
[WhiteTeamCountry "HUN"]
[BlackTeamCountry "HUN"]

1. d4 Nf6 2. c4 g6 3. Nc3 Bg7 4. Nf3 0-0 5. Bf4 d6 6. h3 Nc6 7. Rc1 Nh5 8. Bh2 e5 9. d5 Ne7 10. g4 Nf6 11. e4 Ne8 12. Bg3 f5 13. gxf5 gxf5 14. Bh4 Nf6 15. Bd3 f4 16. Bxf6 Rxf6 17. Kd2 Bd7 18. Qg1 Kh8 19. Qh2 c6 20. Kc2 a5 21. Kb1 a4 22. h4 Qa5 23. dxc6 Nxc6 24. Nd5 Rh6 25. Rhg1 Nb4 26. Bf1 Nxd5 27. cxd5 a3 28. b3 Rf6 29. Bd3 Rff8 30. Qg2 Bf6 31. Qf1 Rac8 32. Ng5 Bxg5 33. hxg5 Qd2 34. Qe2 Rxc1+ 35. Rxc1 Qxe2 36. Bxe2 Rc8 37. Rh1 Rg8 38. Rh6 Rxg5 39. Rxd6 Rg7 40. Kc2 Kg8 41. Rb6 Be8 42. Re6 Bd7 43. Rxe5 Rg2 44. Re7 Rxf2 45. Kd1 Bh3 46. d6 f3 47. Bc4+ 1-0

[Event "HUN-chT2 Asztalos 0708"]
[Site "Hungary"]
[Date "2007.10.14"]
[Round "1"]
[White "Nyaradi, Gabor"]
[Black "Dankhazi, Andras"]
[Result "0-1"]
[WhiteElo "1909"]
[BlackElo "1831"]
[PlyCount "54"]
[EventDate "2007.10.14"]
[EventType "team-tourn"]
[EventRounds "11"]
[EventCountry "HUN"]
[SourceTitle "EXT 2009"]
[Source "ChessBase"]
[SourceDate "2008.11.26"]
[SourceVersion "1"]
[SourceVersionDate "2008.11.26"]
[SourceQuality "1"]
[WhiteTeam "Dombovar"]
[BlackTeam "Szenna Pack II"]
[WhiteTeamCountry "HUN"]
[BlackTeamCountry "HUN"]

1. e4 e6 2. d4 d5 3. Nc3 Nf6 4. e5 Nfd7 5. f4 c5 6. Nf3 Nc6 7. h4 cxd4 8. Nb5 Qb6 9. Nbxd4 Bc5 10. c3 Ndb8 11. b4 Bxd4 12. cxd4 Qxb4+ 13. Bd2 Qb6 14. Rb1 Qc7 15. g4 b6 16. Bd3 Nd7 17. Rh2 Nf8 18. Bc1 Na5 19. Ba3 Qc3+ 20. Rd2 Qxa3 21. Rc2 Qe7 22. f5 h5 23. Rbc1 Bd7 24. Rc7 hxg4 25. Ng5 Rxh4 26. Qd2 Rh1+ 27. Bf1 Nc4 0-1

[Event "HUN-chT2 Asztalos 0607"]
[Site "Hungary"]
[Date "2007.05.20"]
[Round "11"]
[White "Szabo, Lorinc"]
[Black "Nyaradi, Gabor"]
[Result "1/2-1/2"]
[WhiteElo "1954"]
[BlackElo "1895"]
[PlyCount "79"]
[EventDate "2006.11.12"]
[EventType "team-tourn"]
[EventRounds "11"]
[EventCountry "HUN"]
[SourceTitle "EXT 2008"]
[Source "ChessBase"]
[SourceDate "2007.11.25"]
[SourceVersion "1"]
[SourceVersionDate "2007.11.25"]
[SourceQuality "1"]
[WhiteTeam "Varga Mafry"]
[BlackTeam "Dombovar"]
[WhiteTeamCountry "HUN"]
[BlackTeamCountry "HUN"]

1. d4 Nf6 2. Nf3 g6 3. g3 Bg7 4. Bg2 0-0 5. 0-0 d5 6. b3 c5 7. c3 Nc6 8. Bb2 Qb6 9. Ne5 c4 10. Nxc6 bxc6 11. Ba3 cxb3 12. Qxb3 Qc7 13. Nd2 Bf5 14. c4 Rfe8 15. cxd5 cxd5 16. Rfc1 Qd7 17. Nf3 Rab8 18. Qd1 Qb7 19. Nh4 Bh6 20. Nxf5 Bxc1 21. Nxe7+ Rxe7 22. Bxe7 Qxe7 23. Rxc1 Qa3 24. Rc2 Kg7 25. e3 a5 26. Qc1 Qxc1+ 27. Rxc1 Rb2 28. Ra1 a4 29. a3 Kf8 30. Bf3 Ne4 31. Bxe4 dxe4 32. Kg2 Ke7 33. h3 Ke6 34. g4 Rc2 35. Kg3 g5 36. Kg2 f5 37. gxf5+ Kxf5 38. Kg3 Rc3 39. Kg2 h5 40. Kg3 1/2-1/2